Ανάλυση κύκλου ζωής ενέργειας κτιρίων και χρήση νανο-υλικών για την εξοικονόμηση ενέργειας : το παράδειγμα μελέτης θερμομόνωσης υποθετικής κατοικίας στην περιοχή Μυτιλήνης : μεταπτυχιακή διατριβή

Αποθηκεύτηκε σε:
Λεπτομέρειες βιβλιογραφικής εγγραφής
Κύριος συγγραφέας: Κυλάφης, Γεώργιος
Συγγραφή απο Οργανισμό/Αρχή: Πανεπιστήμιο Αιγαίου Σχολή Περιβάλλοντος Τμήμα Περιβάλλοντος Θεοφράστειο Πρόγραμμα Μεταπτυχιακών Σπουδών Περιβαλλοντική και Οικολογική Μηχανική
Άλλοι συγγραφείς: Μπίσκος, Γεώργιος (Εισηγητής διατριβής)
Μορφή: Thesis Βιβλίο
Γλώσσα:Greek
Δημοσίευση: 2012
Θέματα:
Διαθέσιμο Online:http://hdl.handle.net/11610/14864
Ετικέτες: Προσθήκη ετικέτας
Δεν υπάρχουν, Καταχωρήστε ετικέτα πρώτοι!

MARC

LEADER 00000cam a2200000 i 4500
001 1/35669
008 130827s2012 gre d
035 |l 10115498 
040 |a GR-MY-UA  |b gre  |e aacr 
041 0 |a gre 
082 0 |a 720.47  |2 (22) 
100 1 |a Κυλάφης, Γεώργιος. 
245 1 0 |a Ανάλυση κύκλου ζωής ενέργειας κτιρίων και χρήση νανο-υλικών για την εξοικονόμηση ενέργειας :  |b το παράδειγμα μελέτης θερμομόνωσης υποθετικής κατοικίας στην περιοχή Μυτιλήνης : μεταπτυχιακή διατριβή /  |c Κυλάφης Γεώργιος ; επιβλέπων: Μπίσκος Γεώργιος 
260 |c 2012 
300 |a 102 σ.;  |b διαγρ., πίν.;  |c 30 εκ. 
502 |a Διατριβή (μεταπτυχιακή) – Πανεπιστήμιο Αιγαίου, Λέσβος, 2012. 
504 |a Βιβλιογραφία: σ. 82-86, παράρτημα 
650 0 |a Architecture and energy conservation  |z Greece  |z Mytilene (Lesbos) 
650 0 |a Buildings  |x Energy conservation  |z Greece  |z Mytilene (Lesbos) 
650 0 |a Buildings  |x Energy consumption  |z Greece  |z Mytilene (Lesbos) 
650 0 0 |a Dissertations, Academic  |z Greece. 
700 1 |4 ths  |a Μπίσκος, Γεώργιος. 
710 2 |a Πανεπιστήμιο Αιγαίου  |b Σχολή Περιβάλλοντος  |b Τμήμα Περιβάλλοντος  |b Θεοφράστειο Πρόγραμμα Μεταπτυχιακών Σπουδών Περιβαλλοντική και Οικολογική Μηχανική. 
852 |a INST  |b LESVOS  |c DIATR  |e 20130827  |h 241  |p 005100052912  |q 005100052912  |t MTXE  |y 23 
852 |a INST  |b LESVOS  |c DIATR  |e 20130827  |h 242  |p 005100052913  |q 005100052913  |t MTXE  |y 23 
856 |u http://hdl.handle.net/11610/14864 
901 |a BIBL1-2013-2 
909 |a Λ  |b 182113 
909 |a Λ  |b 182114 
924 |a ΚΥΛΑΦΗΣ  |b ΓΕΩΡΓΙΟΣ  |y ΛΕΣΒΟΣ  |z 2012-01 
970 |a ΤΖΑΦΕΡΗ  |b ΕΥΑΓΓΕΛΙΑ  |z 2013/09/03